[Event "Titled Tuesday intern op 25th Apr Early"]
[Site "Chess.com INT"]
[Date "2023.04.25"]
[Round "3"]
[White "Baches Garcia, Guillermo"]
[Black "Rychkov, Roman"]
[Result "1/2-1/2"]
[WhiteElo "2334"]
[BlackElo "2023"]
[PlyCount "69"]
[EventDate "2023.04.25"]
[EventType "swiss (blitz)"]
[EventRounds "11"]
[EventCountry "USA"]
[SourceTitle "EXT 2024"]
[Source "ChessBase"]
[SourceDate "2023.10.10"]
[SourceVersion "1"]
[SourceVersionDate "2023.10.10"]
[SourceQuality "1"]

1. e4 e5 2. Nf3 Nc6 3. Nc3 Nf6 4. d4 exd4 5. Nxd4 Bb4 6. Nxc6 bxc6 7. Bd3 d5 8. Bd2 0-0 9. 0-0 Re8 10. Nxd5 Bxd2 11. Nxf6+ Qxf6 12. Qxd2 Qxb2 13. f4 Qd4+ 14. Qf2 c5 15. e5 Rb8 16. Rad1 Qxf2+ 17. Kxf2 Rb2 18. Rb1 Rxa2 19. Ra1 Rb2 20. Rxa7 Bb7 21. Rfa1 Rb8 22. R7a2 Rb4 23. Ra4 Bd5 24. g3 g6 25. Ke3 Kf8 26. c4 Be6 27. Ra8 Ke7 28. Rxb8 Rxb8 29. Ra5 Kd7 30. Rxc5 Rb2 31. Be2 Rb3+ 32. Kd4 Rb2 33. Ke3 Rb3+ 34. Kd4 Rb2 35. Ke3 1/2-1/2

[Event "Titled Tuesday intern op 25th Apr Early"]
[Site "Chess.com INT"]
[Date "2023.04.25"]
[Round "4"]
[White "Girsh, Daniel"]
[Black "Rychkov, Roman"]
[Result "0-1"]
[WhiteElo "2123"]
[BlackElo "2023"]
[PlyCount "118"]
[EventDate "2023.04.25"]
[EventType "swiss (blitz)"]
[EventRounds "11"]
[EventCountry "USA"]
[SourceTitle "EXT 2024"]
[Source "ChessBase"]
[SourceDate "2023.10.10"]
[SourceVersion "1"]
[SourceVersionDate "2023.10.10"]
[SourceQuality "1"]

1. Nf3 Nf6 2. g3 b6 3. Bg2 Bb7 4. 0-0 e6 5. c4 Be7 6. d4 0-0 7. d5 exd5 8. Nh4 c6 9. cxd5 Nxd5 10. Nf5 Bf6 11. e4 Ne7 12. Nd6 Ba6 13. Re1 Ng6 14. Nc3 Bxc3 15. bxc3 c5 16. f4 Nc6 17. Qa4 Qc7 18. e5 Bb7 19. Be3 Nd8 20. Nxb7 Nxb7 21. Rad1 Rfd8 22. Qa6 Rab8 23. Qxa7 Ne7 24. Qa4 d5 25. exd6 Nxd6 26. Bf2 Ng6 27. Qc2 c4 28. f5 Nf8 29. f6 gxf6 30. Bd4 Ne8 31. Qf2 Rd6 32. Rb1 Ng6 33. Rb5 Kg7 34. h4 h5 35. Rxh5 Rbd8 36. Qd2 Rxd4 37. Qh6+ Kg8 38. cxd4 c3 39. Kh2 c2 40. Be4 Ng7 41. Bxg6 fxg6 42. Qxg6 c1Q 43. Qh7+ Kf7 44. Rxc1 Qxc1 45. Rb5 Qd2+ 46. Kh3 Qxd4 47. Qb1 Qd7+ 48. Kh2 Qd2+ 49. Kh3 Qd7+ 50. Kh2 Rb8 51. Rb3 Ne6 52. Rc3 Qe7 53. Re3 f5 54. Qb3 Qf6 55. Rf3 b5 56. Qd5 Rd8 57. Qxb5 Rd2+ 58. Kh3 Ng5+ 59. hxg5 Qh8# 0-1

[Event "Titled Tuesday intern op 10th Jan Early"]
[Site "Chess.com INT"]
[Date "2023.01.10"]
[Round "7"]
[White "Rychkov, Roman"]
[Black "Gheorghiu, Calin"]
[Result "0-1"]
[WhiteElo "2006"]
[BlackElo "2317"]
[PlyCount "69"]
[EventDate "2023.01.10"]
[EventType "swiss (blitz)"]
[EventRounds "11"]
[EventCountry "USA"]
[SourceTitle "EXT 2024"]
[Source "ChessBase"]
[SourceDate "2023.10.10"]
[SourceVersion "1"]
[SourceVersionDate "2023.10.10"]
[SourceQuality "1"]

1. e4 b6 2. d4 Bb7 3. Nc3 e6 4. a3 d5 5. exd5 exd5 6. Nf3 Nf6 7. Bb5+ Nbd7 8. 0-0 Be7 9. h3 0-0 10. Bf4 a6 11. Bd3 c5 12. Ne2 Re8 13. c3 Nf8 14. Re1 Ng6 15. Be3 Bd6 16. Qc1 Rc8 17. dxc5 bxc5 18. Nf4 d4 19. Nxg6 dxe3 20. Ngh4 exf2+ 21. Kxf2 c4 22. Bf5 Qb6+ 23. Nd4 Rxe1 24. Kxe1 Bg3+ 25. Kf1 Re8 26. Nhf3 Bxf3 27. gxf3 Re1+ 28. Qxe1 Bxe1 29. Rxe1 g6 30. Bc8 Qxb2 31. Bxa6 Qxc3 32. Rd1 Nd5 33. Kf2 Ne3 34. Ne2 Nxd1+ 35. Kg2 0-1

[Event "Titled Tuesday intern op 10th Jan Early"]
[Site "Chess.com INT"]
[Date "2023.01.10"]
[Round "3"]
[White "Rychkov, Roman"]
[Black "Orzech, Dominik"]
[Result "1-0"]
[WhiteElo "2006"]
[BlackElo "2313"]
[PlyCount "59"]
[EventDate "2023.01.10"]
[EventType "swiss (blitz)"]
[EventRounds "11"]
[EventCountry "USA"]
[SourceTitle "EXT 2024"]
[Source "ChessBase"]
[SourceDate "2023.10.10"]
[SourceVersion "1"]
[SourceVersionDate "2023.10.10"]
[SourceQuality "1"]

1. e4 c6 2. d4 d5 3. exd5 cxd5 4. c4 Nf6 5. Nc3 g6 6. cxd5 Nxd5 7. Qb3 Nb6 8. Nf3 Nc6 9. Be3 Bg7 10. Bb5 0-0 11. Rd1 Bg4 12. Bxc6 bxc6 13. 0-0 Bxf3 14. gxf3 Qd7 15. Ne4 Qf5 16. Kg2 Nd5 17. Ng3 Qe6 18. Rfe1 Rab8 19. Qc2 Nb4 20. Qc5 Qxa2 21. Qxe7 Rfe8 22. Qc5 Qxb2 23. Rb1 Qa2 24. Rxb4 Bf8 25. Rxb8 Rxb8 26. Qxc6 Rb2 27. Ne4 h5 28. Qc8 Kg7 29. Bh6+ Kxh6 30. Qxf8+ 1-0

[Event "Titled Tuesday intern op 10th Jan Early"]
[Site "Chess.com INT"]
[Date "2023.01.10"]
[Round "5"]
[White "Rychkov, Roman"]
[Black "Rodriguez Fontecha, Marcos"]
[Result "1-0"]
[WhiteElo "2006"]
[BlackElo "2309"]
[PlyCount "75"]
[EventDate "2023.01.10"]
[EventType "swiss (blitz)"]
[EventRounds "11"]
[EventCountry "USA"]
[SourceTitle "EXT 2024"]
[Source "ChessBase"]
[SourceDate "2023.10.10"]
[SourceVersion "1"]
[SourceVersionDate "2023.10.10"]
[SourceQuality "1"]

1. e4 c6 2. d4 d5 3. exd5 cxd5 4. c4 Nc6 5. Nc3 Nf6 6. Bg5 Be6 7. c5 g6 8. Bb5 Bg7 9. Qa4 0-0 10. Bxc6 bxc6 11. Qxc6 Rb8 12. 0-0-0 Qa5 13. Qa4 Qxa4 14. Nxa4 Ne4 15. Be3 Rb4 16. Nc3 Rfb8 17. Nxe4 dxe4 18. b3 R4b5 19. Ne2 Bg4 20. Rhe1 Ra5 21. Rd2 Rxb3 22. h3 Bd7 23. axb3 Ra1+ 24. Kc2 Rxe1 25. d5 Bb5 26. Nc3 Bd3+ 27. Rxd3 exd3+ 28. Kxd3 e6 29. d6 Be5 30. Nb5 a6 31. d7 Bf6 32. Nd6 Kf8 33. c6 Ke7 34. Nb7 Rd1+ 35. Bd2 Kf8 36. Kc2 Rxd2+ 37. Kxd2 Bg5+ 38. Kd3 1-0

[Event "Dulles Skyline op-A"]
[Site "Dulles"]
[Date "2022.10.09"]
[Round "3"]
[White "Wilson, Ronen"]
[Black "Rychkov, Roman"]
[Result "1-0"]
[WhiteElo "1921"]
[BlackElo "2046"]
[PlyCount "69"]
[EventDate "2022.10.08"]
[EventType "swiss"]
[EventRounds "6"]
[EventCountry "USA"]
[SourceTitle "CBM 210 Extra"]
[Source "ChessBase"]
[SourceDate "2022.11.30"]
[SourceVersion "1"]
[SourceVersionDate "2022.11.30"]
[SourceQuality "1"]

1. e4 e5 2. Nf3 Nc6 3. d4 exd4 4. Nxd4 Qf6 5. Be3 Bc5 6. c3 Nge7 7. Bb5 Bb6 8. 0-0 0-0 9. a4 Nxd4 10. cxd4 c6 11. e5 Qe6 12. Bd3 f6 13. Re1 Nf5 14. a5 Bc7 15. Bf4 Re8 16. Bxf5 Qxf5 17. exf6 Bxf4 18. Rxe8+ Kf7 19. fxg7 Kxg7 20. Nc3 d5 21. Qf3 Qg5 22. h4 Qh6 23. Rxc8 Bh2+ 24. Kf1 Rxc8 25. Qg4+ Qg6 26. Qxc8 Qd3+ 27. Ne2 Qb5 28. a6 b6 29. Qd7+ Kf6 30. Qxa7 Qxb2 31. Re1 c5 32. dxc5 bxc5 33. Qxc5 Qa2 34. a7 Kf7 35. Qb6 1-0

[Event "Dulles Skyline op-A"]
[Site "Dulles"]
[Date "2022.10.08"]
[Round "1"]
[White "Slate, Kent"]
[Black "Rychkov, Roman"]
[Result "0-1"]
[WhiteElo "1754"]
[BlackElo "2046"]
[PlyCount "86"]
[EventDate "2022.10.08"]
[EventType "swiss"]
[EventRounds "6"]
[EventCountry "USA"]
[SourceTitle "CBM 210 Extra"]
[Source "ChessBase"]
[SourceDate "2022.11.30"]
[SourceVersion "1"]
[SourceVersionDate "2022.11.30"]
[SourceQuality "1"]

1. e4 e5 2. Nf3 Nc6 3. Bb5 a6 4. Ba4 Nf6 5. 0-0 b5 6. Bb3 Bc5 7. d3 d6 8. c3 0-0 9. Bg5 h6 10. Bh4 Re8 11. Nbd2 Bb6 12. a4 Bb7 13. axb5 axb5 14. Rxa8 Bxa8 15. Kh1 Qe7 16. Ba2 Nd8 17. Bg3 g5 18. h4 Nh5 19. Nh2 Nf4 20. Bxf4 exf4 21. Qh5 Kg7 22. Ndf3 f6 23. g3 fxg3 24. fxg3 Rh8 25. Ng4 Bc6 26. Ngh2 Be8 27. Qg4 h5 28. Qf5 Bd7 29. Qd5 c6 30. Qb3 g4 31. Nd4 Qe5 32. Ne2 d5 33. Qc2 dxe4 34. dxe4 Re8 35. Nf4 Ne6 36. Bxe6 Bxe6 37. Nxe6+ Rxe6 38. Rf4 Qc5 39. Qd1 Rd6 40. Qe1 Rd2 41. Rf5 Qd6 42. Rxf6 Rxh2+ 43. Kxh2 Qxf6 0-1

[Event "Titled Tuesday intern op 13th Sep Late"]
[Site "Chess.com INT"]
[Date "2022.09.13"]
[Round "4"]
[White "Eisa Mohmood, Alkhoori"]
[Black "Rychkov, Roman"]
[Result "1-0"]
[WhiteElo "1066"]
[BlackElo "2046"]
[PlyCount "57"]
[EventDate "2022.09.13"]
[EventType "swiss (blitz)"]
[EventRounds "11"]
[EventCountry "USA"]
[SourceTitle "EXT 2023"]
[Source "ChessBase"]
[SourceDate "2022.10.05"]
[SourceVersion "1"]
[SourceVersionDate "2022.10.05"]
[SourceQuality "1"]

1. e4 e5 2. Nf3 Nc6 3. Bb5 a6 4. Ba4 Nf6 5. d4 exd4 6. 0-0 b5 7. Bb3 Nxe4 8. Re1 d5 9. Bxd5 Qxd5 10. Nc3 Qh5 11. Nxe4 Be6 12. Neg5 0-0-0 13. Nxe6 fxe6 14. Rxe6 Bd6 15. a4 Bxh2+ 16. Kf1 Ne5 17. Rxa6 Nxf3 18. Qxf3 Qxf3 19. gxf3 bxa4 20. R1xa4 Rhf8 21. Bg5 Rde8 22. Ra8+ Kb7 23. Rxe8 Rxe8 24. Rb4+ Kc6 25. Rxd4 h6 26. Bf4 Bxf4 27. Rxf4 Re7 28. Re4 Kd5 29. Rxe7 1-0

[Event "Titled Tuesday intern op 30th Aug Late"]
[Site "Chess.com INT"]
[Date "2022.08.30"]
[Round "3"]
[White "Daeschler, Florian"]
[Black "Rychkov, Roman"]
[Result "0-1"]
[WhiteElo "2202"]
[BlackElo "1962"]
[PlyCount "68"]
[EventDate "2022.08.30"]
[EventType "swiss (blitz)"]
[EventRounds "11"]
[EventCountry "USA"]
[SourceTitle "EXT 2023"]
[Source "ChessBase"]
[SourceDate "2022.10.05"]
[SourceVersion "1"]
[SourceVersionDate "2022.10.05"]
[SourceQuality "1"]

1. e4 e5 2. Nc3 Nf6 3. f4 d5 4. fxe5 Nxe4 5. Qf3 Nxc3 6. dxc3 c5 7. Bf4 Be6 8. 0-0-0 Qa5 9. a3 Nc6 10. Kb1 0-0-0 11. Nh3 Be7 12. Ng5 Bxg5 13. Bxg5 Nxe5 14. Qg3 f6 15. Re1 Rde8 16. Bd2 Re7 17. Be2 Rhe8 18. Bh5 g6 19. Bd1 Nc4 20. Bc1 Bf5 21. Rxe7 Rxe7 22. Re1 Qd8 23. Qh4 Kd7 24. b3 Nd6 25. Qa4+ Kc7 26. Qa5+ Kc8 27. Qxc5+ Rc7 28. Qxa7 Ne4 29. Bf4 Nxc3+ 30. Ka1 Nxd1 31. Qa8+ Kd7 32. Qb8 Qxb8 33. Bxc7 Qxc7 34. Rxd1 Qc3+ 0-1

[Event "Titled Tuesday intern op 30th Aug Late"]
[Site "Chess.com INT"]
[Date "2022.08.30"]
[Round "2"]
[White "Thomforde Toates, Noah"]
[Black "Rychkov, Roman"]
[Result "1-0"]
[WhiteElo "2124"]
[BlackElo "1962"]
[PlyCount "75"]
[EventDate "2022.08.30"]
[EventType "swiss (blitz)"]
[EventRounds "11"]
[EventCountry "USA"]
[SourceTitle "EXT 2023"]
[Source "ChessBase"]
[SourceDate "2022.10.05"]
[SourceVersion "1"]
[SourceVersionDate "2022.10.05"]
[SourceQuality "1"]

1. d4 Nf6 2. Nc3 d5 3. Bf4 c6 4. e3 Bf5 5. a3 e6 6. Nf3 b5 7. Ne5 Bd6 8. Bd3 0-0 9. Rg1 Bxe5 10. Bxe5 Ng4 11. Bg3 Qg5 12. Qe2 Nd7 13. f4 Qg6 14. h3 Ngf6 15. Bf2 Ne4 16. g4 Nxf2 17. Kxf2 Bxd3 18. cxd3 f6 19. h4 e5 20. h5 Qh6 21. Qf3 Rae8 22. Ne2 g5 23. hxg6 Qxg6 24. Rad1 Rf7 25. Ng3 Nf8 26. Nf5 Ne6 27. Rh1 Kf8 28. Rh6 Qg8 29. Rdh1 Rd8 30. dxe5 Nc5 31. Rxf6 Rxf6 32. exf6 Nxd3+ 33. Ke2 d4 34. Qe4 Nxf4+ 35. exf4 Qc4+ 36. Kf2 Re8 37. Qxe8+ Kxe8 38. Nd6+ 1-0

[Event "Titled Tuesday intern op 23rd Aug Early"]
[Site "Chess.com INT"]
[Date "2022.08.23"]
[Round "6"]
[White "Migot, Tangi"]
[Black "Rychkov, Roman"]
[Result "1-0"]
[WhiteElo "2356"]
[BlackElo "1962"]
[PlyCount "65"]
[EventDate "2022.08.23"]
[EventType "swiss (blitz)"]
[EventRounds "11"]
[EventCountry "USA"]
[SourceTitle "EXT 2023"]
[Source "ChessBase"]
[SourceDate "2022.10.05"]
[SourceVersion "1"]
[SourceVersionDate "2022.10.05"]
[SourceQuality "1"]

1. d4 Nf6 2. c4 e6 3. Nc3 Bb4 4. Nf3 0-0 5. Bg5 h6 6. Bxf6 Qxf6 7. e3 b6 8. Bd3 Bb7 9. Qe2 d5 10. 0-0 dxc4 11. Bxc4 c5 12. a3 cxd4 13. exd4 Bxf3 14. gxf3 Bd6 15. Ne4 Qg6+ 16. Kh1 Bf4 17. Rg1 Qh5 18. Ng3 Qh4 19. d5 e5 20. Rg2 Nd7 21. Nf5 Qf6 22. Nxg7 Bg5 23. Nh5 Qf5 24. Bd3 Qh3 25. f4 Nc5 26. fxg5 Qxd3 27. gxh6+ Kh8 28. Qg4 Qg6 29. Qf3 Qxh6 30. Nf6 e4 31. Qf5 Nd3 32. Rag1 e3 33. fxe3 1-0

[Event "Titled Tuesday intern op 23rd Aug Early"]
[Site "Chess.com INT"]
[Date "2022.08.23"]
[Round "7"]
[White "Rychkov, Roman"]
[Black "Prado, Alexandra"]
[Result "1-0"]
[WhiteElo "1962"]
[BlackElo "1859"]
[PlyCount "75"]
[EventDate "2022.08.23"]
[EventType "swiss (blitz)"]
[EventRounds "11"]
[EventCountry "USA"]
[SourceTitle "EXT 2023"]
[Source "ChessBase"]
[SourceDate "2022.10.05"]
[SourceVersion "1"]
[SourceVersionDate "2022.10.05"]
[SourceQuality "1"]

1. e4 c5 2. Nf3 Nc6 3. d4 cxd4 4. Nxd4 g6 5. c4 Nxd4 6. Qxd4 Nf6 7. Nc3 Bg7 8. Bg5 h6 9. Be3 0-0 10. Qd2 Kh7 11. Be2 d6 12. 0-0 Bd7 13. f4 Bc6 14. Bf3 b6 15. Rad1 Rc8 16. b3 Qc7 17. a4 Qb7 18. Qd3 Rfd8 19. Nd5 e6 20. Nxf6+ Bxf6 21. f5 exf5 22. exf5 Be5 23. fxg6+ fxg6 24. Bxc6 Qxc6 25. Rf7+ Bg7 26. Bd4 Rg8 27. Re1 Rc7 28. Ree7 Rxe7 29. Rxe7 Qc8 30. Qe4 Qf5 31. Qxf5 gxf5 32. Rd7 Kg6 33. Rxd6+ Kg5 34. Bxg7 Rxg7 35. Kf2 Re7 36. Kf3 Re1 37. h4+ Kh5 38. Rd7 1-0

[Event "Titled Tuesday intern op 26th Jul Late"]
[Site "Chess.com INT"]
[Date "2022.07.26"]
[Round "2"]
[White "Domingo Nunez, Ruben"]
[Black "Rychkov, Roman"]
[Result "1-0"]
[WhiteElo "2361"]
[BlackElo "1921"]
[PlyCount "29"]
[EventDate "2022.07.26"]
[EventType "swiss (blitz)"]
[EventRounds "11"]
[EventCountry "USA"]
[SourceTitle "EXT 2023"]
[Source "ChessBase"]
[SourceDate "2022.10.05"]
[SourceVersion "1"]
[SourceVersionDate "2022.10.05"]
[SourceQuality "1"]

1. b3 e5 2. Bb2 Nc6 3. e3 d5 4. Bb5 f6 5. c4 dxc4 6. bxc4 Bb4 7. Qa4 Nge7 8. Qxb4 0-0 9. Qc3 a6 10. Ba4 b5 11. cxb5 axb5 12. Bxb5 Rb8 13. a4 Be6 14. Ba3 Nd5 15. Qxc6 1-0

[Event "Titled Tuesday intern op 26th Jul Late"]
[Site "Chess.com INT"]
[Date "2022.07.26"]
[Round "3"]
[White "Pesotskiy, Mikhail"]
[Black "Rychkov, Roman"]
[Result "1-0"]
[WhiteElo "2217"]
[BlackElo "1921"]
[PlyCount "137"]
[EventDate "2022.07.26"]
[EventType "swiss (blitz)"]
[EventRounds "11"]
[EventCountry "USA"]
[SourceTitle "EXT 2023"]
[Source "ChessBase"]
[SourceDate "2022.10.05"]
[SourceVersion "1"]
[SourceVersionDate "2022.10.05"]
[SourceQuality "1"]

1. d4 Nf6 2. c4 e6 3. Nc3 Bb4 4. Qc2 0-0 5. a3 Bxc3+ 6. Qxc3 d5 7. Bg5 dxc4 8. Qxc4 b6 9. Nf3 h6 10. Bxf6 gxf6 11. Rc1 Ba6 12. Qxc7 Qd5 13. e3 Bxf1 14. Rxf1 Nd7 15. Qc6 Qa5+ 16. Qc3 Qd5 17. Kd2 Rfd8 18. Rfd1 f5 19. Ke2 Qb5+ 20. Qd3 Qd5 21. Rc7 Rac8 22. Rdc1 Nc5 23. Rxc8 Nxd3 24. Rxd8+ Qxd8 25. Kxd3 f6 26. Nd2 Qd5 27. f3 Qb5+ 28. Nc4 Qb3+ 29. Rc3 Qd1+ 30. Nd2 Qg1 31. Rc8+ Kg7 32. Rc7+ Kg6 33. Rxa7 Qxh2 34. Rb7 Qxg2 35. Rxb6 h5 36. a4 h4 37. a5 h3 38. a6 Qg1 39. Rb8 Qa1 40. Rh8 Qxa6+ 41. Nc4 e5 42. Rxh3 e4+ 43. fxe4 fxe4+ 44. Kc3 Qc6 45. Rh4 Kg5 46. Rf4 f5 47. b3 Qb5 48. Nd6 Qc6+ 49. Nc4 Qb5 50. Rf1 Qc6 51. Rg1+ Kf6 52. Kb4 Qb7+ 53. Kc3 Qc7 54. d5 Qh2 55. Rf1 Qg2 56. Rf4 Qe2 57. d6 Qd3+ 58. Kb4 Ke6 59. Ka4 Qd5 60. Rf2 Qa8+ 61. Kb4 Qb7+ 62. Kc3 Qa6 63. Rd2 Kd7 64. Ne5+ Ke6 65. d7 Qa5+ 66. Kc2 Qa2+ 67. Kd1 Qa1+ 68. Ke2 Qa6+ 69. Kf2 1-0

[Event "Titled Tuesday intern op 26th Jul Late"]
[Site "Chess.com INT"]
[Date "2022.07.26"]
[Round "8"]
[White "Rychkov, Roman"]
[Black "Isajevsky, Anton"]
[Result "0-1"]
[WhiteElo "1921"]
[BlackElo "2403"]
[PlyCount "142"]
[EventDate "2022.07.26"]
[EventType "swiss (blitz)"]
[EventRounds "11"]
[EventCountry "USA"]
[SourceTitle "EXT 2023"]
[Source "ChessBase"]
[SourceDate "2022.10.05"]
[SourceVersion "1"]
[SourceVersionDate "2022.10.05"]
[SourceQuality "1"]

1. e4 c5 2. Nf3 d6 3. d4 cxd4 4. Nxd4 Nf6 5. Bd3 e5 6. Nf3 Be7 7. c4 0-0 8. Nc3 Nc6 9. h3 Be6 10. Be3 Qb8 11. 0-0 Rc8 12. b3 Bd8 13. Rc1 Ba5 14. Bb1 a6 15. Nd5 Bxd5 16. exd5 Ne7 17. Bg5 Ng6 18. Bxf6 gxf6 19. Nd2 Bxd2 20. Qxd2 Kh8 21. f4 exf4 22. Rxf4 Nxf4 23. Qxf4 Rg8 24. Qxf6+ Rg7 25. Re1 Qf8 26. Re4 Re8 27. Rh4 Re1+ 28. Kh2 Rxb1 29. Rg4 Re1 30. h4 Re5 31. g3 h5 32. Rf4 Kh7 33. Rf5 Rg6 34. Qxf7+ Qxf7 35. Rxf7+ Rg7 36. Rf6 Re2+ 37. Kh3 Re3 38. Rxd6 Rexg3+ 39. Kh2 Rg2+ 40. Kh1 Rxa2 41. Re6 Rf7 42. Kg1 Rd2 43. d6 Kg7 44. c5 a5 45. Re5 Kf6 46. Rxh5 Ke6 47. Rh6+ Kd7 48. Rh8 Kc6 49. Rc8+ Kb5 50. Rc7 Rf4 51. Rxb7+ Kxc5 52. d7 Kc6 53. Ra7 Rxd7 54. Ra6+ Kb5 55. Ra8 Rdd4 56. Rb8+ Kc5 57. Rc8+ Kb4 58. h5 Rh4 59. Rh8 Rd5 60. h6 Kxb3 61. h7 Ka4 62. Rg8 Rxh7 63. Rg4+ Kb5 64. Rg2 Rc5 65. Rb2+ Ka6 66. Ra2 Rb7 67. Kg2 Rf7 68. Kg3 Rc4 69. Kh3 Kb5 70. Rb2+ Rb4 71. Ra2 a4 0-1

[Event "Titled Tuesday intern op 12th Jul Early"]
[Site "Chess.com INT"]
[Date "2022.07.12"]
[Round "2"]
[White "Rychkov, Roman"]
[Black "Baches Garcia, Guillermo"]
[Result "0-1"]
[WhiteElo "1921"]
[BlackElo "2326"]
[PlyCount "70"]
[EventDate "2022.07.12"]
[EventType "swiss (blitz)"]
[EventRounds "11"]
[EventCountry "USA"]
[SourceTitle "EXT 2023"]
[Source "ChessBase"]
[SourceDate "2022.10.05"]
[SourceVersion "1"]
[SourceVersionDate "2022.10.05"]
[SourceQuality "1"]

1. e4 c5 2. Nf3 d6 3. d4 cxd4 4. Nxd4 Nf6 5. Bd3 g6 6. c4 Bg7 7. h3 0-0 8. Be3 Nc6 9. Nc3 Nd7 10. Be2 Nc5 11. 0-0 Bd7 12. Rc1 Rc8 13. b3 Re8 14. Qd2 a6 15. Rfd1 Ne5 16. f4 Nc6 17. Nf3 Bxc3 18. Qxc3 Nxe4 19. Qb2 Ng3 20. Bd3 Nf5 21. Bf2 b6 22. Re1 Qc7 23. Rcd1 Nd8 24. Bxf5 Bxf5 25. g4 Bd7 26. f5 Bc6 27. Nd4 Bb7 28. f6 Nc6 29. g5 Ne5 30. Qd2 Ba8 31. Kh2 Qb7 32. Bg3 Rc5 33. Rf1 e6 34. Rde1 h5 35. Qf4 Qg2# 0-1

[Event "Titled Tuesday intern op 12th Jul Early"]
[Site "Chess.com INT"]
[Date "2022.07.12"]
[Round "6"]
[White "Sanchez Alvares, Kelvin Antonio"]
[Black "Rychkov, Roman"]
[Result "1-0"]
[WhiteElo "2215"]
[BlackElo "1921"]
[PlyCount "47"]
[EventDate "2022.07.12"]
[EventType "swiss (blitz)"]
[EventRounds "11"]
[EventCountry "USA"]
[SourceTitle "EXT 2023"]
[Source "ChessBase"]
[SourceDate "2022.10.05"]
[SourceVersion "1"]
[SourceVersionDate "2022.10.05"]
[SourceQuality "1"]

1. e4 e5 2. Nf3 Nc6 3. Bc4 Bc5 4. d3 Nf6 5. h3 d6 6. Bg5 Na5 7. Bb3 h6 8. Bh4 g5 9. Bg3 Bb6 10. Nbd2 Nxb3 11. axb3 c6 12. Nc4 Bc7 13. d4 Nxe4 14. dxe5 d5 15. Ne3 Nxg3 16. fxg3 Bb6 17. Qe2 Be6 18. g4 Qc7 19. Nf5 0-0-0 20. 0-0-0 c5 21. Kb1 Qc6 22. Ne7+ Kc7 23. Nxc6 bxc6 24. Nh2 1-0

[Event "Titled Tuesday intern op 21st Jun Late"]
[Site "Chess.com INT"]
[Date "2022.06.21"]
[Round "8"]
[White "D'Arruda, Ricardo D"]
[Black "Rychkov, Roman"]
[Result "0-1"]
[WhiteElo "2271"]
[BlackElo "1893"]
[PlyCount "74"]
[EventDate "2022.06.21"]
[EventType "swiss (blitz)"]
[EventRounds "11"]
[EventCountry "USA"]
[SourceTitle "EXT 2023"]
[Source "ChessBase"]
[SourceDate "2022.10.05"]
[SourceVersion "1"]
[SourceVersionDate "2022.10.05"]
[SourceQuality "1"]

1. Nf3 Nf6 2. d4 d5 3. Nc3 Nbd7 4. Bg5 Ne4 5. Nxe4 dxe4 6. Nd2 f5 7. e3 g6 8. f3 exf3 9. Qxf3 Nf6 10. Bc4 Bg7 11. 0-0-0 e6 12. e4 h6 13. Bh4 g5 14. Bf2 fxe4 15. Nxe4 0-0 16. Nc5 Nd5 17. Qe2 Qf6 18. Bg3 b6 19. Rhf1 Qg6 20. Rxf8+ Bxf8 21. Nd3 Bd6 22. Ne5 Bxe5 23. Qxe5 Bb7 24. Bxd5 Bxd5 25. Qxc7 Bxg2 26. Be5 Qf7 27. Qd6 Rc8 28. c3 Be4 29. b3 Rxc3+ 30. Kb2 Rc2+ 31. Ka3 Qf8 32. Rf1 Qxf1 33. Qxe6+ Qf7 34. Qg4 Qe7+ 35. b4 Rc3+ 36. Kb2 Qxb4+ 37. Ka1 Qb1# 0-1

[Event "Titled Tuesday intern op 21st Jun Late"]
[Site "Chess.com INT"]
[Date "2022.06.21"]
[Round "4"]
[White "Rychkov, Roman"]
[Black "Fiol, Fabrice"]
[Result "1-0"]
[WhiteElo "1893"]
[BlackElo "2271"]
[PlyCount "101"]
[EventDate "2022.06.21"]
[EventType "swiss (blitz)"]
[EventRounds "11"]
[EventCountry "USA"]
[SourceTitle "EXT 2023"]
[Source "ChessBase"]
[SourceDate "2022.10.05"]
[SourceVersion "1"]
[SourceVersionDate "2022.10.05"]
[SourceQuality "1"]

1. e4 c5 2. Nf3 e6 3. c4 Nc6 4. Nc3 a6 5. a3 Qc7 6. d4 cxd4 7. Nxd4 Nf6 8. Be3 Ne5 9. Rc1 d6 10. h3 Be7 11. f4 Ng6 12. Bd3 b6 13. 0-0 Bb7 14. Qe2 0-0 15. b4 e5 16. Nd5 Nxd5 17. cxd5 Qd8 18. Nc6 Bxc6 19. Rxc6 exf4 20. Bxb6 Qe8 21. Bxa6 Ne5 22. Rc3 f3 23. gxf3 Bf6 24. Bb5 Qb8 25. Bf2 Ng6 26. Rb3 Nf4 27. Qc4 Rc8 28. Bc6 Nxh3+ 29. Kh2 Nxf2 30. Rxf2 Qa7 31. Rg2 Be5+ 32. Kh1 Qe7 33. Kg1 Qh4 34. Qf1 Bd4+ 35. Rf2 Rab8 36. Kg2 Qg5+ 37. Kh1 Qh4+ 38. Kg2 f5 39. f4 fxe4 40. Rh3 Qf6 41. Rd2 e3 42. Re2 Rf8 43. Rhxe3 Bxe3 44. Rxe3 Qb2+ 45. Kg3 Rf6 46. Qe2 Qa1 47. Re8+ Rf8 48. Qe6+ Kh8 49. Rxb8 Rxb8 50. Qxd6 Qb2 51. Qxb8# 1-0

[Event "Titled Tuesday intern op 21st Jun Late"]
[Site "Chess.com INT"]
[Date "2022.06.21"]
[Round "11"]
[White "Rychkov, Roman"]
[Black "Papp, Levente"]
[Result "0-1"]
[WhiteElo "1893"]
[BlackElo "2398"]
[PlyCount "72"]
[EventDate "2022.06.21"]
[EventType "swiss (blitz)"]
[EventRounds "11"]
[EventCountry "USA"]
[SourceTitle "EXT 2023"]
[Source "ChessBase"]
[SourceDate "2022.10.05"]
[SourceVersion "1"]
[SourceVersionDate "2022.10.05"]
[SourceQuality "1"]

1. e4 e6 2. d4 d5 3. exd5 exd5 4. c4 Nf6 5. Nf3 Nc6 6. Nc3 Bb4 7. Bd3 0-0 8. 0-0 h6 9. h3 Be6 10. c5 b6 11. Bb5 Ne7 12. cxb6 axb6 13. a3 Ne4 14. Bxh6 Bxc3 15. Bxg7 Kxg7 16. bxc3 Nxc3 17. Qd3 Nxb5 18. Qxb5 Qd6 19. a4 Rh8 20. Ne5 f6 21. Nd3 Kf7 22. Rfe1 Rag8 23. Kf1 Qh2 24. Rxe6 Kxe6 25. Re1+ Kf7 26. Qd7 Qxg2+ 27. Ke2 Qxh3 28. Qxc7 Rc8 29. Qg3 Qxg3 30. fxg3 Rc4 31. Nf4 Rxa4 32. Kd3 Ra3+ 33. Kc2 Rh2+ 34. Kb1 Rxg3 35. Ne6 Rb3+ 36. Kc1 Nc6 0-1

[Event "Titled Tuesday intern op 21st Jun Late"]
[Site "Chess.com INT"]
[Date "2022.06.21"]
[Round "9"]
[White "Rychkov, Roman"]
[Black "Roberson, Peter T"]
[Result "1-0"]
[WhiteElo "1893"]
[BlackElo "2426"]
[PlyCount "57"]
[EventDate "2022.06.21"]
[EventType "swiss (blitz)"]
[EventRounds "11"]
[EventCountry "USA"]
[SourceTitle "EXT 2023"]
[Source "ChessBase"]
[SourceDate "2022.10.05"]
[SourceVersion "1"]
[SourceVersionDate "2022.10.05"]
[SourceQuality "1"]

1. e4 e5 2. Nf3 Nc6 3. d4 exd4 4. Nxd4 Nf6 5. Nxc6 bxc6 6. e5 Qe7 7. Qe2 Nd5 8. c4 Ba6 9. b3 d6 10. g3 dxe5 11. Bg2 Qd6 12. 0-0 Be7 13. Rd1 Qf6 14. Qe4 Bb7 15. cxd5 cxd5 16. Qc2 c6 17. Bb2 Qe6 18. Re1 f6 19. f4 e4 20. Nd2 0-0 21. Nxe4 dxe4 22. Bxe4 Qd6 23. Bxh7+ Kh8 24. Rac1 c5 25. Bg6 f5 26. Bxf5 Rad8 27. Qe2 Rxf5 28. Qxe7 Qd5 29. Qxg7# 1-0